Statystyki dla 15 krajów o największej liczbie zgonów Covid19 - 13 października 2021

Kliknij tutaj aby rozwiązać quiz!

Ogólne statystyki

  • Ten quiz został rozwiązany 14 razy
  • Średni wynik to 9 z 25

Statystyki odpowiedzi

kraj% Poprawnych
Stany Zjednoczone
85%
Francja
77%
Rosja
77%
Wielka Brytania
69%
Włochy
69%
Argentyna
62%
Brazylia
62%
Niemcy
54%
Meksyk
46%
Belgia
38%
Czechy
38%
Indie
38%
Peru
38%
Republika
Południowej Afryki
38%
Iran
23%
Słowacja
23%
Słowenia
23%
Węgry
15%
Gruzja
8%
Kolumbia
8%
Macedonia Północna
8%
Paragwaj
8%
Bośnia i Hercegowina
0%
Bułgaria
0%
Indonezja
0%

Rozkład punktacji

Percentyl według liczby udzielonych odpowiedzi

Procent ludzi z każdym wynikiem

Twoja historia wyników

Nie rozwiązałeś tego quizu